00477nam a2200193 a 4500001001300000003000900013005001700022008004100039020001000080082001300090100001600103245003800119260003100157300000800188500003500196505001000231650002600241700001600267nice12345678IN_TiNIC20260116012128.0050524s1975 laha grp 000 0 urd  ac1.500a231bFIN aFinley, M H aIrshad-E-Jalalib God Has Spoken. aLahorebMeenar Kutubc1975 a95p aincludes index and biblioraphy2 aIndex aGod-Biblical Teaching1 aFinley, M H